| 000 | 00726nam a2200241Ia 4500 | ||
|---|---|---|---|
| 005 | 20230406092038.0 | ||
| 008 | 131103s9999 xx 000 0 und d | ||
| 020 | _a0 07 042171 4 | ||
| 040 | _aLoreto College | ||
| 041 | _aEnglish | ||
| 082 |
_a338.5 _bMIL |
||
| 100 | _aMiller,Roger LeRoy | ||
| 245 |
_aIntermediate microeconomics _b theory, issues, applications _cRoger LeRoy Miller [and] Roger E.Meiners |
||
| 250 | _a3rd ed. | ||
| 260 |
_aNew York _bMcGraw - Hill Book Company _cc 1986 |
||
| 300 |
_axxii,144 p. _b ill.,fig.,tables |
||
| 504 | _aIncludes bibliographical references and index | ||
| 650 | _aEconomics | ||
| 651 | _aMicroeconomics | ||
| 700 | _aMeiners,Roger E. | ||
| 850 | _aLCLIB | ||
| 942 | _cBK | ||
| 999 |
_c3023 _d53502 |
||